00443nam a22001457a 4500003000500000038001800005082000800023100001900031245007900050264003700129300001200166650002500178700003700203856005700240NUST aNusrat Nadeem a200 aImran, Faisal  aVehicle Re-Identification using Shifted Window Transformer /cFaisal Imran aIslamabad :bSEECS, NUST,c2022. a48 p. ; aMS-Computer Science  aSupervisor: Dr. Muhammad Shahzad uhttp://10.250.8.41:8080/xmlui/handle/123456789/29991